000 00719cam a2200205 4500
001 D16272
008 090401t1977 xxu||||| |||| 00| 0 eng d
035 _a(Sirsi) u28329
041 _aeng
050 _a526.90285
100 _aDarwent, Thelma (ed)
245 _aSurface modelling by computer: proceedings of a conference jointly sponsored by the RICS and the Institution of Civil Engineers, and held in London on 6 October 1976
260 _aLondon
_bICE
_c1977
300 _aiv. 108p. 22cm. 8 papers. discussion paper. closing addres
350 _a3.5
520 _aFor details of papers, see main entry card
710 _aRoyal Institution of Chartered Surveyors
_94900
942 _n0
948 _c04/03/1997
999 _c89238
_d89238